01641nam a2200373Ic 450000100060000000300100000600500170001600700030003300800410003602000180007704000350009504100130013008200200014310000210016324502030018424601330038725000180052026400490053830000500058733600270063733700330066433800280069750000340072550000510075952100410081053400370085154500640088865000640095265000590101665000690107565000680114470000220121270000330123459945CO-BoRNBP20251112155151.0ta210811s2014 sp o er 000 0 spa d a9788498744019 aCO-BoRNBPbspaerdacCO-BoRNBP1 aspahger04a745.5bK61g222 aKoch, Katjaeaut13aEl gran libro de las manualidades creativas para mayores :bmás de 60 ideas con actividades ocupacionales y de activación /cKatja Koch ; editora Eva Domingo ; traducción Cristina Rodríguez.32aEl gran libro de las manualidades creativas para mayoresbmás de sesenta ideas con actividades ocupacionales y de activación a1a. edición 1aMadird, España :bEditorial El Drac,c2014 a141 páginas :bilustraciones, fotografías atextobtxt2rdacontent asin mediaciónbn2rdamedia avolumenbnc2rdacarrier aIncluye índice alfabético aIncluye patrones y/o moldes al final del texto aRecomendado para un público adulto tKreatives gestalten mit senioren aIncluye datos biográficos de la autora al final del texto07aArtesaníasxEnseñanzavManuales, vademécum, etc2lemb07aCosturaxEnseñanzavManuales, vademécum, etc2lemb07aEstampado en telaxEnseñanzavManuales, vademécum, etc2lemb07aLabores de agujaxEnseñanzavManuales, vademécum, etc2lemb aDomingo, Evaeedt aRodríguez, Cristínaetrl